Artificial intelligence in application (Record no. 56629)
[ view plain ]
| 000 -LEADER | |
|---|---|
| fixed length control field | 00517nam a2200169Ia 4500 |
| 005 - DATE AND TIME OF LATEST TRANSACTION | |
| control field | 20260601193248.0 |
| 008 - FIXED-LENGTH DATA ELEMENTS--GENERAL INFORMATION | |
| fixed length control field | 260601s9999||||xx |||||||||||||| ||und|| |
| 020 ## - INTERNATIONAL STANDARD BOOK NUMBER | |
| International Standard Book Number | 978-3-658-43843-2 |
| Qualifying information | ebk |
| 100 ## - MAIN ENTRY--PERSONAL NAME | |
| Personal name | Thomas Barton |
| 245 #0 - TITLE STATEMENT | |
| Title | Artificial intelligence in application |
| 250 ## - EDITION STATEMENT | |
| Edition statement | 2024 |
| 260 ## - PUBLICATION, DISTRIBUTION, ETC. | |
| Place of publication, distribution, etc. | Heidelberg, Germany |
| Name of publisher, distributor, etc. | Springer Nature |
| Date of publication, distribution, etc. | 2024 |
| 650 ## - SUBJECT ADDED ENTRY--TOPICAL TERM | |
| Topical term or geographic name entry element | Computer Science |
| 700 ## - ADDED ENTRY--PERSONAL NAME | |
| Personal name | Christian M�ller |
| 856 ## - ELECTRONIC LOCATION AND ACCESS | |
| Uniform Resource Identifier | <a href="https://link.springer.com/openurl?genre=book&isbn=978-3-658-43843-2">https://link.springer.com/openurl?genre=book&isbn=978-3-658-43843-2</a> |
| 942 ## - ADDED ENTRY ELEMENTS (KOHA) | |
| Koha item type | E-Book |
| Source of classification or shelving scheme | Dewey Decimal Classification |
| Withdrawn status | Lost status | Source of classification or shelving scheme | Damaged status | Not for loan | Home library | Current library | Shelving location | Date acquired | Source of acquisition | Total Checkouts | Barcode | Date last seen | Uniform Resource Identifier | Price effective from | Koha item type | Public note |
|---|---|---|---|---|---|---|---|---|---|---|---|---|---|---|---|---|
| Dewey Decimal Classification | LRC, IIT Indore | LRC, IIT Indore | Online | 31/03/2025 | PO No. : LRC/ER/2024/AP-05/PO-32, dt.22.03.2024; Vendor : Springer Customer Service Center Gmbh, Heidelberg, Germany; Bill No.: 2939532724, dt.26.03.2024 ; Price: Set Price (see Accession No. EB8052) | EB8942 | 01/06/2026 | https://link.springer.com/openurl?genre=book&isbn=978-3-658-43843-2 | 31/03/2025 | E-Book | One time purchase (Perpetual access) |
